000 00271nam a2200109Ia 4500
008 170627s9999 xx 000 0 und d
100 _aPAREEK- UDAI
245 0 _aBEHAVIOURAL PROCESSES IN ORGANIZATION
260 _bOXFORD
260 _c2005
546 _aENGLISH
690 _aORGANIZATIONAL BEHAVIOUR
999 _c35371
_d35371